000 00829 am a2200253 a 4500
005 20240522095930.0
008 100326k1980||||ag ||||f |||| 001 0 spa d
041 _aspa
092 _c616.8083
_l6
_sBEN
100 1 _aBenasayag, León.
_9407
245 _aNeuropediatría.
_bEnfoque multidisciplinario /
_cLeón Benasayag
250 _a1a ed. reimp.
260 _aS / L:
_bPurinzon;
_c1980.
300 _a475 p.
500 _aBenasayag, L. (1980). Neuropediatría. Enfoque multidisciplinario. (1a ed.). S / L. : Purinzon.
590 _aDonación Dra. Mercado 2008
653 _aNeuropediatría
653 _aNeurología del recién nacido
653 _aSindromes convulsivos en la infancia
653 _aCorrelación neuropsicológica
653 _aTemas de neurocirugía infantil
930 _a1938
942 _2ddc
_cBK
999 _c182
_d182